000 00996njm a22002657a 4500
005 20100901115333.0
006 a|||||r|||||00| 0
007 sd ammalaaahaa
008 100901t xxu||||| |||| 00| 0 eng d
028 _a2392 890
_bPolydor
035 _aGR-03145
040 _aSED
_cSED
100 _aHassan, Mehdi
_917891
245 _aJal bhi chukay parwane /
_cby Mehdi Hassan ; music by Mehdi Hassan
_h[Sound recording]
260 _aDUM DUM, India
_bPolydor
_c1979
300 _aV.2,1 Sound disc [Gramophone Recording] :
_banalog, 33 1/3 rpm
_c12 in. (LP)
_fGramophone Record
500 _aBrief record
500 _aRecord Labels : Polydor,Red
505 _aSide-1 (Navak andaz jidhar deeda-e-jana hongay)--Side-2 (Jal bhi chukay parwane) (Mehdi Hassan)
600 _2Hassan, Mehdi
650 _aFilm songs
_xExcerpts
_zIndia
_917892
700 _aHassan, Mehdi
_920528
942 _2ddc
_cGR
999 _c46530
_d46530